Central Library OPAC University of Rajshahi

The international law standard and commonwealth developments / (Record no. 45838)

MARC details
000 -LEADER
fixed length control field 01035nam a2200289 a 4500
001 - CONTROL NUMBER
control field 45838
003 - CONTROL NUMBER IDENTIFIER
rucl marc code BD-RjUL
005 - DATE AND TIME OF LATEST TRANSACTION
control field 20211209054056.0
008 - FIXED-LENGTH DATA ELEMENTS--GENERAL INFORMATION
fixed length control field 160728s1966 ncu 001 0 eng
035 ## - SYSTEM CONTROL NUMBER
System control number (BD-RjUL)45956
040 ## - CATALOGING SOURCE
Original cataloging agency DLC
Transcribing agency DLC
Modifying agency m.c.
-- RCD
-- BD-RjUL
Language of cataloging eng
041 ## - LANGUAGE CODE
Language code of text/sound track or separate title eng
082 ## - DEWEY DECIMAL CLASSIFICATION NUMBER
Edition number 23
Classification number 341.09171242
Author mark and year INT 1966
245 14 - TITLE STATEMENT
Title The international law standard and commonwealth developments /
Statement of responsibility, etc. Robert R. Wilson[et al...]
260 ## - PUBLICATION, DISTRIBUTION, ETC. (IMPRINT)
Place of publication, distribution, etc. Durham, N.C. :
Name of publisher, distributor, etc. Duke University Press,
Date of publication, distribution, etc. c1966.
300 ## - PHYSICAL DESCRIPTION
Pagination ix, 306 p. ;
Size 24 cm.
490 1# - SERIES STATEMENT
Series statement Duke University Commonwealth-Studies Center.
Volume/sequential designation no. 27
500 ## - GENERAL NOTE
General note Includes index.
650 #0 - SUBJECT ADDED ENTRY--TOPICAL TERM
Topical term or geographic name as entry element International law
Geographic subdivision Commonwealth countries
General subdivision History.
9 (RLIN) 140182
Topical term or geographic name as entry element International law
General subdivision History.
9 (RLIN) 134766
700 ## - ADDED ENTRY--PERSONAL NAME
Personal name Wilson, Robert R.
Personal name Clute, Robert E.
Personal name Howell, John M.
Personal name Walker Herman
830 #0 - SERIES ADDED ENTRY--UNIFORM TITLE
Uniform title Publication (Duke University. Commonwealth-Studies Center) ;
Volume number/sequential designation no. 27.
942 ## - ADDED ENTRY ELEMENTS (KOHA)
Source of classification or shelving scheme Dewey Decimal Classification
Koha item type Books
Holdings
Lost status Source of classification or shelving scheme Damaged status Not for loan Collection code Permanent Location Current Location Shelving location Date acquired Source of acquisition Cost, normal purchase price Total Checkouts Full call number Date last seen Copy number Koha item type
  Dewey Decimal Classification   Not For Loan Non-fiction Central Library, University of Rajshahi Central Library, University of Rajshahi Reading Room 13/09/1968 zeitlinger 90.00   341.0917242 INT 1966 28/07/2016 C-1 Books
  Dewey Decimal Classification     Non-fiction Central Library, University of Rajshahi Central Library, University of Rajshahi   04/11/1968 zeitlinger 90.00   341.0917242 INT 1966 28/07/2016 C-2 Books